000
00201nam a22000857a 4500
008
161202b xxu||||| |||| 00| 0 eng d
100
_9
1715
_a
Freedman.R.
245
_a
Out of Darkness
260
_a
London
_c
1998
999
_c
4428
_d
4428